Najdłuższe słowa w danym języku - Statystyki

Ogólne statystyki
  • Ten quiz został rozwiązany 268 razy
  • Średni wynik to 9 z 13
Statystyki odpowiedzi
Słowo Język % Poprawnych
Rindfleischetikettierungsüberwachungsaufgabenübertragungsgesetz Niemiecki
94%
konstantynopolitanczykiewiczówna Polski
92%
Pneumonoultramicroscopicsilicovolcanoconiosis Angielski
81%
ακτινοχρυσοφαιδροβροντολαμπροφεγγοφωτοστόλιστος Grecki
76%
anticonstitutionnellement Francuski
72%
nejneobhospodarovávatelnejšími Czeski
70%
precipitevolissimevolmente Włoski
70%
nordvästersjökustartilleriflygspaningssimulatoranläggningsmaterielunderhåll – suppföljningssystemdiskussionsinläggsförberedelsearbeten Szwedzki
69%
megszentségtelenithetetlenségeskedéseltekért Węgierski
69%
lentokonesuihkuturbiinimoottoriapumekaanikkoaliupseerioppilas Fiński
60%
najnevypocítavatelnejší Słowacki
59%
kindercarnavalsoptochtvoorbereidingswerkzaamheden Holenderski
54%
Afyonkarahisarlilardanlarmis Turecki
48%
Nie znaleziono quizów pasujących do podanych kryteriów
Rozkład punktacji
Procent ludzi z każdym wynikiem
Percentyl według liczby udzielonych odpowiedzi
Twoja historia wyników
Nie rozwiązałeś tego quizu